| 000 | 00904cam a2200313Ka 4500 | ||
|---|---|---|---|
| 001 | 86602 | ||
| 005 | 20230410143107.0 | ||
| 008 | 970221s1993 sp 000 0 spa d | ||
| 035 | _a(OCoLC)ocm36425458 | ||
| 040 |
_aBRU _bfre _cBRU _dOCL |
||
| 020 | _a8487282601 | ||
| 020 | _a9788487282607 | ||
| 029 | 1 |
_aZWZ _b028117921 |
|
| 035 | _a(OCoLC)36425458 | ||
| 092 | _a914.68 | ||
| 050 | 1 | 4 | _abA543 1993 |
| 245 | 0 | 0 |
_aAndalucía / _cedición [de] J. Agustín Nuñez Guarde. |
| 260 |
_a(Espagne) : _bEdilux, _c1993. |
||
| 300 |
_a126 p. : _bill. ; _c31 cm. |
||
| 490 | 0 | _aVer y comprender. | |
| 650 | 7 |
_aArchitecture hispano-mauresque. _2ram |
|
| 650 | 7 |
_aArchitecture _zEspagne _xAndalousie. _2ram |
|
| 650 | 4 | _aCes. | |
| 650 | 4 | _aColección Enriquillo Sánchez. | |
| 651 | 7 |
_aAndalousie (Espagne) _xDescriptions et voyages. _2ram |
|
| 942 |
_2lcc _cbk |
||
| 946 | _amjcruz | ||
| 994 |
_aC0 _bDRFGD |
||
| 999 |
_c95593 _d95593 |
||